|
|
|
|
| LEADER |
00000cam a2200000 7i4500 |
| 001 |
0000024792 |
| 005 |
20150201.0 |
| 008 |
090118 |
| 020 |
|
|
|a 9833372740
|
| 090 |
0 |
0 |
|a 158.1
|b KHO
|
| 100 |
1 |
|
|a Khoo, Adam
|
| 245 |
1 |
0 |
|a Master your mind design your destiny = Kuasai minda bina masa depan anda
|c Adam Khoo ; Stuart Tan
|
| 260 |
|
|
|a Kuala Lumpur :
|b PTS Millennia ,
|c 2008
|
| 650 |
|
0 |
|a Success
|
| 650 |
|
0 |
|a Success
|x psychological aspects
|
| 700 |
1 |
|
|a Tan Stuart
|
| 999 |
|
|
|a 0001039468
|b Book
|c Adult Collection
|e Cawangan Tangkak
|
| 999 |
|
|
|a 0001136710
|b Book
|c Adult Collection
|e Cawangan Tmn. Ungku Tun Aminah
|
| 999 |
|
|
|a 0001136712
|b Book
|c Adult Collection
|e Perbadanan Perpustakaan Awam Johor
|
| 999 |
|
|
|a 0001136713
|b Book
|c Adult Collection
|e Cawangan AEON Kulaijaya
|
| 999 |
|
|
|a 0001226296
|b Book
|c Adult Collection
|e Cawangan Muar
|
| 999 |
|
|
|a 0001226298
|b Book
|c Adult Collection
|e Cawangan Bandar Tenggara
|
| 999 |
|
|
|a 0001226300
|b Book
|c Adult Collection
|e Cawangan Tmn. Ungku Tun Aminah
|
| 999 |
|
|
|a 0001226304
|b Book
|c Adult Collection
|e Cawangan Bukit Gambir
|
| 999 |
|
|
|a 0001226305
|b Book
|c Adult Collection
|e Cawangan Mersing
|